Wrestling General Knowledge #4 - Statistics

General Stats
  • This quiz has been taken 283 times
  • The average score is 12 of 15
Answer Stats
Hint Answer % Correct
Who is the Undertaker's on-screen brother? Kane
95%
What infamous group was formed in 1996 by Kevin Nash, Scott Hall, and Hulk Hogan? New World Order
94%
Which wrestling match involves 30 (or more) superstars entering the match at timed intervals? Royal Rumble
94%
Which WCW wrestler was sometimes seen lurking in the rafters during shows, wearing black and white face paint? Sting
94%
Which wrestler was famous for "lying, cheating, and stealing?" Eddie Guerrero
88%
Which former President of WCW later became General Manager of WWE Raw? Eric Bischoff
86%
Which championship belt in WWF could be won 24 hours per day, 7 days a week, anywhere in the world as long as a referee was present? Hardcore Championship
86%
Who made history by defeating both The Rock and Stone Cold Steve Austin on the same night to become the first Undisputed Champion in WWF? Chris Jericho
85%
Who won WWE's first Money in the Bank ladder match to earn a contract for a championship match at any time? Edge
84%
Who showed up at TNA's Victory Road pay-per-view in 2011 so inebriated that his opponent had to knock him down and forcibly hold him down to end the match early? Jeff Hardy
83%
What band recorded three different theme songs for Triple H? Motörhead
79%
Who did "The Million Dollar Man" Ted DiBiase purchase the WWF Championship from? André the Giant
65%
What prominent wrestling journalist has published the Wrestling Observer Newsletter since 1983? Dave Meltzer
64%
Who won WWF's Brawl for All tournament in 1998, in which a bunch of wrestlers fought each other for real? Bart Gunn
52%
What was the name of Zack Ryder's YouTube show beginning in 2001? Z! True Long Island Story
18%
No matching quizzes found
Score Distribution
Percent of People with Each Score
Percentile by Number Answered
Your Score History
You have not taken this quiz